LEADER 03127nam 2200601 450 001 9910467059303321 005 20200520144314.0 010 $a1-5036-0308-3 024 7 $a10.1515/9781503603080 035 $a(CKB)3710000001389529 035 $a(MiAaPQ)EBC4883085 035 $a(StDuBDS)EDZ0001803497 035 $a(DE-B1597)564801 035 $a(DE-B1597)9781503603080 035 $a(PPN)236068717 035 $a(Au-PeEL)EBL4883085 035 $a(CaPaEBR)ebr11400689 035 $a(OCoLC)961924008 035 $a(OCoLC)1178769073 035 $a(EXLCZ)993710000001389529 100 $a20170714h20172017 uy 0 101 0 $aeng 135 $aurcnu|||||||| 181 $2rdacontent 182 $2rdamedia 183 $2rdacarrier 200 10$aCulture and commerce $ethe value of entrepreneurship in creative industries /$fMukti Khaire 210 1$aStanford, California :$cStanford Business Books,$d2017. 210 4$dİ2017 215 $a1 online resource (254 pages) 300 $aIncludes index. 311 $a0-8047-9221-6 320 $aIncludes bibliographical references and index. 327 $tFront matter --$tCONTENTS --$tPREFACE --$tACKNOWLEDGMENTS --$t1. THE BUSINESS OF CULTURE --$t2. PIONEER ENTREPRENEURS --$t3. INTERMEDIARIES --$t4. DOING THEIR JOB --$t5. MAXIMIZING INFLUENCE --$t6. CREATORS AND PRODUCERS --$t7.POWER AND UNPREDICTABILITY --$t8. PURPOSE AND PROFIT --$t9. NEW WORLD, OLD RULES --$tNOTES --$tINDEX 330 $aArt and business are often described as worlds apart, even diametric opposites. And yet, these realms are close cousins in creative industries where firms bring cultural goods to market, attaching price tags to music, paintings, theater, literature, film, and fashion. Building on theories of value construction and cultural production, Culture and Commerce details the processes by which artistic worth is decoded, translated, and converted to economic value. Mukti Khaire introduces readers to three industry players: creators, producers (who bring to market and distribute cultural goods), and intermediaries (who critique and rave about them). Case studies of firms from Chanel and Penguin to tastemakers like the Pritzker Prize and The Sundance Institute illuminate how these professionals construct a vital value chain. Highlighting the role of "pioneer entrepreneurs"?who carve out space for radical, new product categories?Khaire illustrates how creative professionals influence our sense of value, shifting consumer behavior and our culture in deep, surprising ways. 606 $aCultural industries 606 $aEntrepreneurship 606 $aArts$xEconomic aspects 606 $aArts$xMarketing 608 $aElectronic books. 615 0$aCultural industries. 615 0$aEntrepreneurship. 615 0$aArts$xEconomic aspects. 615 0$aArts$xMarketing. 676 $a658.4/21 700 $aKhaire$b Mukti$f1973-$01050815 801 0$bMiAaPQ 801 1$bMiAaPQ 801 2$bMiAaPQ 906 $aBOOK 912 $a9910467059303321 996 $aCulture and commerce$92480929 997 $aUNINA LEADER 03093nam 2200781 a 450 001 9910783764503321 005 20200520144314.0 010 $a0-8147-5282-9 010 $a0-8147-6513-0 010 $a1-4294-1432-4 024 7 $a10.18574/nyu/9780814765135 035 $a(CKB)1000000000245317 035 $a(EBL)865779 035 $a(OCoLC)779828241 035 $a(SSID)ssj0000255025 035 $a(PQKBManifestationID)11208352 035 $a(PQKBTitleCode)TC0000255025 035 $a(PQKBWorkID)10212818 035 $a(PQKB)11416417 035 $a(OCoLC)78066953 035 $a(MdBmJHUP)muse10527 035 $a(Au-PeEL)EBL865779 035 $a(CaPaEBR)ebr10137152 035 $a(DE-B1597)548102 035 $a(DE-B1597)9780814765135 035 $a(MiAaPQ)EBC865779 035 $a(EXLCZ)991000000000245317 100 $a20050414d2005 uy 0 101 0 $aeng 135 $aur|n|---||||| 181 $ctxt 182 $cc 183 $acr 200 10$aT.D. Jakes$b[electronic resource] $eAmerica's new preacher /$fShayne Lee 210 $aNew York $cNew York University Press$dc2005 215 $a1 online resource (213 p.) 300 $aDescription based upon print version of record. 311 $a0-8147-5224-1 311 $a0-8147-5205-5 320 $aIncludes bibliographical references (p. 191-194) and index. 327 $aHumble beginnings -- Once in a lifetime : Jakes receives his big break -- Prophetic sign and wonder : Jakes' ministry explodes -- A virtuoso, a prodigy : Jakes' appeal in the spiritual marketplace -- A message of prosperity -- "Woman art thou really loosed?" -- Businessman and a minister -- The new Black church -- American phenomenon : summary and conclusion. 330 $aT.D. Jakes has emerged as one of the most prolific spiritual leaders of our time. He is pastor of one of the largest churches in the country, CEO of a multimillion dollar empire, the host of a television program, author of a dozen bestsellers, and the producer of two Grammy Award-nominated CDs and three critically acclaimed plays. In 2001 Time magazine featured Jakes on the cover and asked: Is Jakes the next Billy Graham. T.D. Jakes draws on extensive research, including interviews with numerous friends and colleagues of Jakes, to examine both Jakes's rise to prominence and proliferation of a 606 $aBIOGRAPHY & AUTOBIOGRAPHY / Religious$2bisacsh 610 $aCritically. 610 $aJakes. 610 $abent. 610 $acommodities. 610 $aconsumption. 610 $aexamines. 610 $afaith. 610 $aindustry. 610 $amass. 610 $aproducing. 610 $aproliferation. 610 $aprominence. 610 $arise. 610 $aspiritual. 615 7$aBIOGRAPHY & AUTOBIOGRAPHY / Religious. 676 $a289.9/4/092 676 $aB 700 $aLee$b Shayne$01476239 801 0$bMiAaPQ 801 1$bMiAaPQ 801 2$bMiAaPQ 906 $aBOOK 912 $a9910783764503321 996 $aT.D. Jakes$93859875 997 $aUNINA